000 01275cam a22003011i 4500
003 SA-RiAUC
005 20251103115340.0
008 251101s1967  su f l f000r0 ara c
040 _aSA-JeALM
_bara
_cSA-RiAUC
_erda
043 _aa-su---
050 4 _b.S28 1967
082 0 4 _a344.5310472
_qSA-RiAUC
090 _a344.5310472
_bس ع و
110 1 _aالسعودية
_eسلطة تشريعية.
240 1 0 _aنظام المحلات المقلقة للراحة والمضرة بالصحة والخطرة
245 1 0 _aنظام المحلات المقلقة للراحة والمضرة بالصحة والخطرة.
264 1 _aمكة المكرمة :
_bمطبعة الحكومة،
_c1964
300 _a[متعدد الترقيم] ؛
_c24 سم
336 _aنص
_btxt
_2rdacontent
_3كتاب
337 _aبدون وسيط
_bn
_2rdamedia
338 _aمجلد
_bnc
_2rdacarrier
650 7 _aالأمن الصناعي
_xقوانين وتشريعات
_zالسعودية
_2aucsh
650 7 _aالقانون التجاري
_zالسعودية
_2aucsh
650 7 _aالمحلات التجارية
_xقوانين وتشريعات
_zالسعودية
_2aucsh
653 _aالنوادر
942 _2ddc
_cBOOK
_n0
949 _aSA-JeALM
_d251101
_umohamedma123
_n1
999 _c12963
_d12963